MDQL
is popping MORE tags! Check the
thread
!
Quizzes
Events
Quiz Creation
Community
Videos
Private Events
Remove Ads
Sign In
Join for FREE
Feedback
Dark Mode
Quiz Categories
Sports
Geography
Music
Movies
Television
Just For Fun
Miscellaneous
History
Literature
Language
Science
Gaming
Entertainment
Religion
Holiday
For Kids
Quiz Lab
Recent
Popular Today
Quiz Kudos Today
Editor Picks
Curator Picks
Quizzes by...
Day
Popularity
Type
Ratings
Length
Year
Community
Subscriptions
Recent Discussions
Orange Saloon
Badges
Playlists
Quests
Create
Leaderboards
Showdown
Live 5
Trivia Bingo
Activity
Puzzle Library
Sporcle Events
Private Events
Virtual Trivia
Globe League
Become a Host
Pub Owners
SporcleCon
Opinionation
Our Games
Videos
Blog
Mobile Apps
Partnerships
Remove Ads and Go Orange
Feedback
Literature
Harry Potter
A Song of Ice and Fire
The Hunger Games
Literary Character
Shakespeare
Book
Author
Novel
Poem
Young Adult
Children's Books
Play
Lord of the Rings
Literature
Harry Potter
A Song of Ice and Fire
The Hunger Games
Literary Character
Shakespeare
Book
Author
Novel
Poem
Young Adult
Children's Books
Play
Lord of the Rings
Random Quiz
Search Sporcle
×
Quiz Lab
Quiz Lab
Literature
Book
Type in answers that appear in a list
Type in answers that appear in a list
Classic
Best Score? Go Orange.
The Hitchhiker's Guide to the Galaxy Stats
Can you name the characters from the five books by Douglas Adams in the Hitchhiker's series?
By
Chocolate_Chip
10m
18 Questions
692 Plays
692 Plays
692 Plays
Comments
Comments
Give Quiz Kudos
Give Quiz Kudos
-
- Ratings
hide this ad
More Info
Replay
Link that replays current quiz
Next Quiz
Link to next quiz in quiz playlist
You Got
0%
They Got
Avg Score
57%
Avg Friend Score
Upgrade to see
Score Distribution
Jump to the score distribution portion of the page
Score
0/18
Timer
10:00
0
Plays Today
Description
Character
% Correct
Main character
Arthur Dent
98.7%
Hails from somewhere in the vicinity of Betelgeuse
Ford Prefect
96.2%
Two heads, three arms
Zaphod Beeblebrox
94.7%
President of the galaxy's girlfriend
Trillian Astra
88.6%
Depressed robot
Marvin
88.4%
Superintelligent computer tasked with finding the ultimate answer to life, the universe, and everything
Deep Thought
79.6%
Norse god of thunder
Thor
78%
Magrathean fjord designer
Slartibartfast
71.2%
Vogon fleet commander charged with destroying Earth
Prostetnic Vogon Jeltz
50.9%
Description
Character
% Correct
Woman whose feet do not touch the ground
Fenchurch
50.6%
Main character's daughter
Random Frequent Flyer Dent
49.1%
Murdered and reincarnated repeatedly
Agrajag
42.1%
Immortal being whose mission is to insult the universe
Wowbagger, the Infinitely Prolonged
36.1%
Wants to meet the man who rules the universe
Zarniwoop
33.4%
Prophet
Zarquon
30.6%
Man whose client is 'just zis guy, you know?'
Gag Halfrunt
20.2%
Evil computer from 'Life, the Universe, and Everything'
Hactar
18.9%
Lamuellan priest
Old Thrashbarg
14.7%
Quiz Playlist
Details
Report
Send in Message
Add To Playlist
More Info:
Try to get all 17 bonus characters as well
Classic:
Type in answers that appear in a list
Last Updated: Feb 16, 2017
Quiz Scoreboard
CHALLENGE
Sign Up to Join the Scoreboard
Show All
Scores
Hide
Comments
May contain spoilers
Recently Published
Street Fighter Characters
by Artimus82
Gaming
60s
9x9 Crossword: Cartoon Network
by jackfrog10
Miscellaneous
3m
College Basketball Coaching Resumes
by pancakes188
Sports
9m
More to Explore
Quiz From the Vault
Featured Blog Post
Where Did the Easter Bunny Come From?
hide this ad
You Might Also Like...
Tags
Book Quiz
Character
description
douglas
Douglas Adams
Five
Galaxy
guide
Hitchhiker
Today's Top Quizzes in Literature
Browse Literature
hide this ad
Today's Top Quizzes in Book
Browse Book
Top Contributed Quizzes in Literature
1
Sneaky Slytherin Logic Puzzle
2
Get The Picture: Black or White Literature
3
5-to-1: Plays
4
A Court of Thorns and Roses (ACoTaR) Logic Puzzle
5
One Thing in Common: Literature
6
One Thing in Common: Literature II
7
One Thing in Common: Literature 3
8
One Thing in Common: Books
9
Literary Siblings Odd One Out III
10
Harry Potter Neighbourly Logic Puzzle #1
Explore More
Trending Topics
Disney
Crossword
NBA
Harry Potter
Marvel
Anime
Kpop
Soccer
Song
NFL
Pokémon
WWE
Puzzle
Country
The Office
hide this ad
More By:
Chocolate_Chip
Quiz
Plays
Rating
Category
Featured
Created
The Hitchhiker's Guide to the Galaxy
692
4.80
Literature
May 8, 2010
Guess the Lyrics
337
3.60
Music
Jun 3, 2010
Bloons Tower Defence 4
260
2.60
Gaming
May 8, 2010
Dirk Gently's Holistic Detective Agency
241
4.60
Literature
May 7, 2010
Kubla Khan
59
5.00
Literature
May 9, 2010
Go to Creator's Profile
Score Distribution
Quiz Creator Spotlight
Chocolate_Chip
Follow
Send a Message
Quizzes Created
-
Created Quiz Play Count
-
More By This Creator
Popular Quizzes Today
1
Find the US States - No Outlines Minefield
2
Find the Countries of Europe - No Outlines Minefield
3
The Countries of the World
4
Find the US States
5
Risky Map Clicking: Biggest States A-Z
6
US States
7
Popular People in 1961
8
Movies - When Are They Set?
More Literature Quizzes
Far Over the Misty Mountains What?
Quiz Lab
Trending Quizzes
Risky Map Clicking: Least Populous States A-Z
1-10 Letter G Words
Risky Map Clicking: Next State Alphabetically
Adjectives in 80s TV Shows
The Seven Year Switch: Catherine
Recently Updated
Leaping Animals
pecheneg
Reality TV Shows (A-Z)
bhenderson79
Rickey Henderson's Hall of Fame Teammates
pecheneg
Champions League XIs: Arsenal
pecheneg
Quick Pick: Celebrities in WWE's Hall of Fame
aduchscher
A-Z Keypad Blitz II
pecheneg
Multiple Oscar Actors
pecheneg
Mystery Phrase Blitz: Oscar 'Best Actors'
pecheneg
F. Scott Fitzgerald Novels
LTH
Pick 3 Villains
ddd62291
Trending Topics
NBA
Harry Potter
Kpop
Marvel
Crossword
Anime
Disney
Puzzle
Pokémon
WWE
NFL
Country
Soccer
The Office
Song
Your Account Isn't Verified!
In order to create a playlist on Sporcle, you need to verify the email address you used during registration. Go to your
Sporcle Settings
to finish the process.
Report this User
Report this user for behavior that violates our
Community Guidelines
.
Details:
Send Report
Go to the Sporcle.com Mobile Site →
Comments